000 00546nam a2200181Ia 4500
003 OSt
005 20260325101944.0
008 211028s2006 xx 000 0 und d
040 _cAIMIT LIBRARY
041 _aeng
082 _a658.3 GOVA
100 _aGovardhan G S;P G Aquinas.
_g40911089
_95548
245 _aA detail study on organization and peer relationship of Karnataka milk federation /
260 _bP G Aquinas
_c2006
600 _aHuman Resource Management
_95549
650 _aHuman Resource Management
_95550
942 _2ddc
_cPRO
999 _c217941
_d217941